[Event "Zenica 13th"]
[Site "Zenica"]
[Date "2009.11.17"]
[Round "4"]
[White "Radic, Bojan"]
[Black "Dumpor, Atif"]
[Result "0-1"]
[WhiteElo "2148"]
[BlackElo "2404"]
[PlyCount "91"]
[EventDate "2009.11.15"]
[EventType "tourn"]
[EventRounds "9"]
[EventCountry "BIH"]
[EventCategory "5"]
[SourceTitle "CBM 133 Extra"]
[Source "ChessBase"]
[SourceDate "2010.01.05"]
[SourceVersion "1"]
[SourceVersionDate "2010.01.05"]
[SourceQuality "1"]

1. e4 g6 2. d4 Bg7 3. Nc3 d6 4. f4 Nf6 5. Nf3 c5 6. dxc5 Qa5 7. Bd3 Qxc5 8. Qe2 0-0 9. Be3 Qa5 10. 0-0 Nc6 11. a3 e5 12. fxe5 dxe5 13. Kh1 Bg4 14. h3 Nd4 15. Bxd4 exd4 16. Nb5 Nh5 17. Qe1 Qxe1 18. Rfxe1 Bxf3 19. gxf3 Be5 20. a4 Nf4 21. Bf1 Rac8 22. Na3 Nh5 23. Bd3 Bg3 24. Red1 Rfd8 25. Nc4 Nf4 26. b3 Rc5 27. Rg1 Nh5 28. Rad1 Kf8 29. b4 Rc7 30. a5 Rdc8 31. Na3 a6 32. Bf1 Be5 33. Rd3 Ng3+ 34. Rxg3 Bxg3 35. Rxd4 Be5 36. Rc4 Bc3 37. Rxc7 Rxc7 38. b5 Bxa5 39. bxa6 bxa6 40. Bxa6 Rc3 41. Nc4 Bc7 42. Kg2 Rxc2+ 43. Kf1 Bg3 44. Kg1 Rf2 45. Ne3 Rxf3 46. Nd5 0-1

[Event "Zenica 12th"]
[Site "Zenica"]
[Date "2008.12.05"]
[Round "8"]
[White "Trkulja, Goran"]
[Black "Radic, Bojan"]
[Result "1-0"]
[WhiteElo "2342"]
[BlackElo "2123"]
[PlyCount "49"]
[EventDate "2008.11.29"]
[EventType "tourn"]
[EventRounds "9"]
[EventCountry "BIH"]
[EventCategory "5"]
[SourceTitle "CBM 127 Extra"]
[Source "ChessBase"]
[SourceDate "2009.01.08"]
[SourceVersion "2"]
[SourceVersionDate "2009.01.28"]
[SourceQuality "1"]

1. Nf3 Nf6 2. c4 g6 3. Nc3 c5 4. e4 d6 5. d4 cxd4 6. Nxd4 Bg7 7. f3 Nc6 8. Be3 0-0 9. Qd2 a5 10. Be2 Bd7 11. 0-0 Nxd4 12. Bxd4 Bc6 13. b3 Nd7 14. Bxg7 Kxg7 15. Qb2 Kg8 16. a3 Qb6+ 17. Kh1 Nc5 18. b4 axb4 19. axb4 Ne6 20. b5 Nc5 21. Qc2 Rxa1 22. Rxa1 Bd7 23. Nd5 Qd8 24. Qc3 Be6 25. Ra8 1-0